000 00614cam a22002171 4500
001 af 48005289
003 DLC
005 20260227110913.0
008 890225s1943 gw 000 1 ger c
010 _aaf 48005289
035 _a(OCoLC)19261320
040 _aYale Univ. Library
_cCU
_dDLC
042 _apremarc
050 0 0 _aPT2435.M24
_bB4 1943
100 1 _aMoltke, Helmuth,
_cGraf von,
_d1800-1891.
245 1 4 _aDie beiden Freunde;
_beine Erzählung.
250 _a[4. Aufl. der Feldausgabe]
260 _aGütersloh,
_bC. Bertelsmann
_c[1943]
300 _a62 p.
_c18 cm.
440 0 _aKleine Feldpost-Reihe
999 _c6436
_d6436